Every Capped All Blacks Player - Statistics

General Stats
  • This quiz has been taken 21 times
  • The average score is 262 of 1223
Answer Stats
Hint Answer % Correct
1112 Aaron Smith
100%
667 Alan Smith
100%
235 Andrew White
100%
1100 Ben Smith
100%
845 Bruce Smith
100%
406 Charles Smith
100%
1044 Conrad Smith
100%
1034 Dan Carter
100%
1093 George Whitelock
100%
74 George William Smith
100%
558 Hallard White
100%
644 Ian Smith
100%
461 Johnny Smith
100%
1129 Luke Whitelock
100%
482 Peter Smith
100%
511 Richard White
100%
1014 Richie McCaw
100%
565 Ross Smith
100%
462 Roy White
100%
1104 Sam Whitelock
100%
806 Wayne Smith
100%
138 William Smith
100%
1022 Ali Williams
92%
1115 Beauden Barrett
92%
527 Bill McCaw
92%
689 Bryan Williams
92%
444 Claude Williams
92%
360 Craig Mackenzie
92%
1154 Damian McKenzie
92%
3 George Carter
92%
668 Graham Williams
92%
179 Jock McKenzie
92%
1159 Jordie Barrett
92%
1083 Kieran Read
92%
259 Len Williams
92%
1031 Ma'a Nonu
92%
912 Mark Carter
92%
184 Peter Williams
92%
395 Ray Williams
92%
44 Robert McKenzie
92%
403 Rod MacKenzie
92%
894 Ron Williams
92%
1155 Scott Barrett
92%
1108 Sonny Bill Williams
92%
1209 Tamaiti Williams
92%
84 William Hay-MacKenzie
92%
28 William McKenzie
92%
1166 Akira Ioane
83%
1147 Ardie Savea
83%
1110 Brodie Retallick
83%
1117 Dane Coles
83%
902 Ian Jones
83%
1185 Josh Ioane
83%
1026 Keven Mealamu
83%
882 Michael Jones
83%
723 Murray Jones
83%
556 Peter Jones
83%
1167 Richie Mo'unga
83%
1156 Rieko Ioane
83%
961 Tana Umaga
83%
1019 Andrew Hore
75%
1153 Anton Lienert-Brown
75%
1084 Ben Franks
75%
1035 Brad Thorn
75%
192 Charles Brown
75%
290 Handley Brown
75%
419 Henry Brown
75%
1050 Jerome Kaino
75%
191 Jim Barrett
75%
1134 Joe Moody
75%
1032 Joe Rokocoko
75%
343 John Hore
75%
941 Jonah Lomu
75%
1111 Julian Savea
75%
910 Olo Brown
75%
1094 Owen Franks
75%
572 Ross Brown
75%
980 Tony Brown
75%
1105 Aaron Cruden
67%
128 Alex McDonald
67%
828 Andrew Donald
67%
1061 Angus Macdonald
67%
46 Billy Watson
67%
211 Bobby Black
67%
683 Buff Milner
67%
1048 Casey Laulala
67%
1143 Codie Taylor
67%
1176 Dalton Papali'i
67%
65 Donald Watson
67%
930 Glenn Taylor
67%
741 Greg Kane
67%
700 Hamish Macdonald
67%
183 Henry Taylor
67%
306 Jack Harris
67%
435 Jack Taylor
67%
218 Jim Donald
67%
765 John Black
67%
819 Ken Taylor
67%
995 Leon MacDonald
67%
771 Mark Taylor
67%
187 Mick Cain
67%
1033 Mils Muliaina
67%
770 Murray Taylor
67%
793 Murray Watts
67%
1135 Nathan Harris
67%
1139 Nepo Laulala
67%
485 Neville Black
67%
751 Perry Harris
67%
672 Peter Johns
67%
275 Quentin Donald
67%
202 Reg Taylor
67%
975 Royce Willis
67%
1113 Sam Cane
67%
1075 Stephen Donald
67%
1132 TJ Perenara
67%
1125 Tom Taylor
67%
1012 Tom Willis
67%
837 Warwick Taylor
67%
72 William Harris
67%
1191 Will Jordan
67%
1073 Adam Thomson
58%
308 Alexander Kirkpatrick
58%
79 Alex Wilson
58%
944 Andrew Mehrtens
58%
799 Barry Thompson
58%
775 Bevan Wilson
58%
846 Brett Wilson
58%
525 Brian Fitzpatrick
58%
702 Bruce Robertson
58%
983 Byron Kelleher
58%
842 Craig Green
58%
843 David Kirk
58%
181 Dick Roberts
58%
559 Doug Wilson
58%
734 Duncan Robertson
58%
207 Edward Roberts
58%
1195 Ethan Blackadder
58%
1197 Ethan de Groot
58%
166 Frank Wilson
58%
123 Fred Roberts
58%
1178 George Bridge
58%
356 George Mehrtens
58%
11 George Robertson
58%
885 Graeme Bachop
58%
660 Grahame Thorne
58%
857 Grant Fox
58%
124 Hector Thomson
58%
512 Hector Wilson
58%
10 Henry Roberts
58%
40 Henry Wilson
58%
696 Howard Joseph
58%
666 Ian Kirkpatrick
58%
719 Ian Stevens
58%
1101 Israel Dagg
58%
920 Jamie Joseph
58%
935 Jeff Wilson
58%
756 Kevin Greene
58%
307 Lance Johnson
58%
530 Len Wilson
58%
1207 Mark Tele'a
58%
852 Murray Pierce
58%
661 Murray Wills
58%
1146 Nehe Milner-Skudder
58%
492 Norman Wilson
58%
1150 Ofa Tuʻungafasi
58%
622 Paul Little
58%
151 Ranji Wilson
58%
988 Reuben Thorne
58%
764 Richard Wilson
58%
18 Robert Wilson
58%
1198 Samisoni Taukei'aho
58%
974 Scott Robertson
58%
871 Sean Fitzpatrick
58%
925 Stephen Bachop
58%
772 Stu Wilson
58%
947 Todd Blackadder
58%
1180 Tyrel Lomax
58%
1103 Victor Vito
58%
227 Vivian Wilson
58%
898 Walter Little
58%
63 William Roberts
58%
595 Adrian Clarke
50%
922 Ant Strachan
50%
391 Arthur Collins
50%
549 Bill Clark
50%
416 Bill Collins
50%
640 Bill Davis
50%
1069 Brendon Leonard
50%
1187 Caleb Clarke
50%
958 Chresten Davis
50%
1003 Chris Jack
50%
952 Christian Cullen
50%
1080 Cory Jane
50%
579 Dennis Young
50%
646 Don Clark
50%
580 Don Clarke
50%
992 Doug Howlett
50%
19 Edwin Davy
50%
919 Eroni Clarke
50%
66 Francis Young
50%
347 Frank Clark
50%
506 Graham Moore
50%
552 Ian Clarke
50%
210 Jack O'Brien
50%
1002 Jerry Collins
50%
256 Jim O'Brien
50%
647 John Collins
50%
865 John Drake
50%
87 John O'Brien
50%
546 Keith Davis
50%
631 Keith Nelson
50%
439 Les George
50%
721 Lindsay Clark
50%
745 Lyn Davis
50%
91 Morrie Wood
50%
849 Murray Davie
50%
662 Phil Clarke
50%
1049 Piri Weepu
50%
390 Ray Clarke
50%
1076 Richard Kahui
50%
881 Richard Loe
50%
924 Robin Brooke
50%
1016 Sam Harding
50%
1182 Sevu Reece
50%
1172 Shannon Frizell
50%
1052 Sitiveni Sivivatu
50%
862 Steve McDowall
50%
608 Tony Davies
50%
1025 Tony Woodcock
50%
1218 Wallace Sititi
50%
93 Walter Drake
50%
883 Zinzan Brooke
50%
853 Alan Whetton
42%
844 Alastair Robinson
42%
847 Albert Anderson
42%
638 Allan Stewart
42%
1068 Andy Ellis
42%
38 Angus Stuart
42%
484 Arthur Hughes
42%
171 Billy Mitchell
42%
510 Bob Stuart
42%
876 Brent Anderson
42%
648 Bruce McLeod
42%
863 Bryce Robins
42%
1210 Cam Roigard
42%
1000 Carl Hayman
42%
1116 Charlie Faumuina
42%
1213 Dallas McLeod
42%
51 Daniel Hughes
42%
1023 Danny Lee
42%
1006 David Hill
42%
54 Dick Stewart
42%
136 Donald Macpherson
42%
326 Don Stevenson
42%
528 Eddie Robinson
42%
287 Edward Stewart
42%
606 Eric Anderson
42%
915 Frank Bunce
42%
822 Fred Woodman
42%
827 Gary Whetton
42%
678 George Skudder
42%
106 George Tyler
42%
873 Gordon Macpherson
42%
220 Hohepa Jacob
42%
201 James Stewart
42%
267 Jimmy Mill
42%
854 John Kirwan
42%
940 John Mitchell
42%
943 Josh Kronfeld
42%
855 Kawhena Woodman
42%
1021 Keith Robinson
42%
720 Ken Stewart
42%
566 Kevin Stuart
42%
1183 Luke Jacobson
42%
926 Marc Ellis
42%
965 | 996 Mark Robinson
42%
810 Mark Shaw
42%
144 Ned Hughes
42%
412 Neville Mitchell
42%
677 Owen Stephens
42%
1133 Patrick Tuipulotu
42%
1009 Paul Miller
42%
1189 Peter Umaga-Jensen
42%
85 Phil Jacob
42%
780 Robbie Stuart
42%
288 Ron Stewart
42%
58 Sandy Kerr
42%
953 Scott McLeod
42%
1212 Shaun Stevenson
42%
754 Stewart Cron
42%
1118 Tawera Kerr-Barlow
42%
743 Terry Mitchell
42%
574 Tiny Hill
42%
964 Todd Miller
42%
357 Topi Robinson
42%
762 Vance Stewart
42%
1102 Benson Stanley
33%
570 Bill Gray
33%
744 Bill Osborne
33%
774 Brian Ford
33%
1090 Bryn Evans
33%
860 Buck Shelford
33%
951 Carlos Spencer
33%
1107 Colin Slade
33%
239 Cyril Edward Evans
33%
161 David Evans
33%
153 Doddy Gray
33%
421 Everard Jackson
33%
1205 Fletcher Newell
33%
826 Frank Shelford
33%
29 Frederick Murray
33%
1179 Gareth Evans
33%
146 George Spencer
33%
945 Glen Osborne
33%
869 Greg Cooper
33%
189 James Graham
33%
963 Jeremy Stanley
33%
241 Jockey Ford
33%
874 Joe Stanley
33%
879 John Gallagher
33%
593 John Graham
33%
110 John Spencer
33%
636 Ken Gray
33%
471 Lachie Grant
33%
1057 Luke McAlister
33%
887 Matthew Cooper
33%
609 Maurice Graham
33%
1039 Nick Evans
33%
928 Pat Lam
33%
897 Paul Henderson
33%
488 Peter Henderson
33%
155 Peter Murray
33%
43 Rod Gray
33%
1028 Rodney So'oialo
33%
180 Toby Murray
33%
1188 Tupou Vaa'i
33%
892 Warren Gatland
33%
792 Wayne Graham
33%
42 Alan Good
25%
321 Arthur Thomas
25%
551 Arthur Woods
25%
633 Barry Thomas
25%
82 Bill Cunningham
25%
1215 Billy Proctor
25%
460 Bob Scott
25%
628 Bruce Watt
25%
773 Colin Farrell
25%
639 Derek Arnold
25%
605 Des Webb
25%
16 Edward Millton
25%
1196 Finlay Christie
25%
794 Gary Cunningham
25%
282 Herman Morgan
25%
1186 Hoskins Sotutu
25%
50 Hugh Good
25%
1165 Jack Goodhue
25%
432 Jack Hooper
25%
424 Jim Watt
25%
733 Joe Morgan
25%
468 Keith Arnold
25%
1082 Liam Messam
25%
781 Mark Donaldson
25%
1177 Matt Proctor
25%
867 Mike Brewer
25%
1160 Ngani Laumape
25%
1222 Peter Lakai
25%
15 Peter Webb
25%
1106 Rene Ranger
25%
906 Rob Gordon
25%
584 Russell Watt
25%
946 Simon Culhane
25%
811 Stephen Scott
25%
896 Steve Gordon
25%
7 William Millton
25%
1091 Wyatt Crockett
25%
670 Alan Sutherland
17%
448 Alan Wright
17%
225 Alfred West
17%
777 Andy Dalton
17%
870 Andy Earl
17%
278 Arnold Perry
17%
319 Arthur Law
17%
1163 Asafo Aumua
17%
1168 Atu Moli
17%
797 Bernie Fraser
17%
353 Bert Palmer
17%
328 Bill Wright
17%
685 Blair Furlong
17%
1140 Brad Weber
17%
39 Charles Macintosh
17%
1122 Charles Piutau
17%
789 Clive Currie
17%
583 Colin Meads
17%
1214 Cortez Ratima
17%
931 Craig Dowd
17%
1192 Cullen Grace
17%
985 Daryl Gibson
17%
1161 David Havili
17%
1127 Dominic Bird
17%
575 Don McIntosh
17%
314 Don Wright
17%
411 Douglas Dalton
17%
244 Eddie Ryan
17%
140 Eric Watkins
17%
1203 Folau Fakatava
17%
449 Fred Allen
17%
1194 George Bower
17%
923 Graham Dowd
17%
813 Grant Perry
17%
434 Harold Simon
17%
57 Harry Frost
17%
1086 Hika Elliot
17%
80 Hugh Mills
17%
373 Jack Tuck
17%
1 James Allan
17%
169 | 1051 James Ryan
17%
1130 Jeffery Toomaga-Allen
17%
1120 Jeremy Thrush
17%
886 John Buchan
17%
431 John Dick
17%
25 John Gardner
17%
858 John Mills
17%
474 Johnny Simpson
17%
234 Johnstone Richardson
17%
1199 Josh Lord
17%
948 Justin Marshall
17%
1171 Karl Tu'inukuafe
17%
977 Kees Meeuws
17%
491 Kevin Skinner
17%
801 Kieran Keane
17%
1200 Leicester Fainga'anuku
17%
56 Lewis Allen
17%
1157 Liam Coltman
17%
1145 Lima Sopoaga
17%
1114 Luke Romano
17%
635 Malcolm Dick
17%
933 Mark Allen
17%
522 Maurice Cockerill
17%
1169 Mitchell Drummond
17%
812 Nicky Allen
17%
938 Norm Hewitt
17%
1219 Pasilio Tosi
17%
759 Pat Ryan
17%
576 Pat Vincent
17%
534 Peter Burke
17%
699 Phil Gard
17%
1201 Pita Gus Sowakula
17%
1193 Quinn Tupaea
17%
470 Ray Dalton
17%
629 Ray Moreton
17%
1029 Regan King
17%
404 Ronald King
17%
1223 Ruben Love
17%
1124 Ryan Crotty
17%
156 Sandy Paterson
17%
619 Stan Meads
17%
1206 Stephen Perofeta
17%
1121 Steve Luatua
17%
694 Tane Norton
17%
875 Terry Wright
17%
12 Thomas Ryan
17%
8 Timothy O'Connor
17%
1162 Tim Perry
17%
864 Victor Simpson
17%
1142 Waisake Naholo
17%
967 Aaron Hopa
8%
1013 Aaron Mauger
8%
954 Adrian Cashmore
8%
1202 Aidan Ross
8%
942 Alama Ieremia
8%
693 Alan McNaughton
8%
1087 Alby Mathewson
8%
1095 Aled de Malmanche
8%
279 Alexander Pringle
8%
186 Alex Bruce
8%
688 Alex Wyllie
8%
35 Alfred Bayly
8%
49 Alfred Cooke
8%
710 Alistair Scown
8%
663 Alister Hopkinson
8%
804 Allan Hewson
8%
956 Andrew Blowers
8%
716 Andy Haden
8%
815 Andy Jefferd
8%
731 Andy Leslie
8%
1175 Angus Taʻavao
8%
1074 Anthony Boric
8%
362 Anthony Cottrell
8%
1072 Anthony Tuitavake
8%
960 Anton Oliver
8%
22 Archibald D'Arcy
8%
322 Archie McCormick
8%
918 Arran Pene
8%
659 Arthur Jennings
8%
324 Arthur Knight
8%
832 Arthur Stone
8%
728 Ash Gardiner
8%
788 Ash McGregor
8%
370 Atholstan Mahoney
8%
1136 Augustine Pulu
8%
783 Barry Ashworth
8%
1119 Ben Afeaki
8%
1037 Ben Atiga
8%
1004 Ben Blair
8%
884 Bernie McCahill
8%
292 Bert Cooke
8%
681 Bevan Holmes
8%
652 Bill Birtwistle
8%
738 Bill Bush
8%
498 Bill Conrad
8%
323 Bill Hazlett
8%
437 Bill Phillips
8%
111 Billy Glenn
8%
107 Billy Wallace
8%
921 Blair Larsen
8%
736 Bob Barber
8%
690 Bob Burgess
8%
129 Bob Deans
8%
523 Bob Duff
8%
725 Bob Lendrum
8%
749 Brad Johnstone
8%
1024 Brad Mika
8%
1184 Braydon Ennor
8%
1181 Brett Cameron
8%
807 Brett Codlin
8%
872 Brett Harvey
8%
596 Brian Finlay
8%
637 Brian Lochore
8%
850 Brian McGrattan
8%
778 Brian McKechnie
8%
833 Brian Morrissey
8%
656 Brian Muller
8%
891 Bruce Deans
8%
729 Bruce Gemmell
8%
859 Bruce Hemara
8%
682 Bruce Hunter
8%
997 Bruce Reihana
8%
970 Caleb Ralph
8%
1056 Campbell Johnstone
8%
971 Carl Hoeft
8%
253 Charles Fitzgerald
8%
240 Charles Fletcher
8%
196 Charles Gillespie
8%
221 Charles McLean
8%
962 Charles Riechelmann
8%
32 Charles Speight
8%
1141 Charlie Ngatai
8%
352 Charlie Oliver
8%
641 Chris Laidlaw
8%
1059 Chris Masoe
8%
911 Chris Tregaskis
8%
1065 Clarke Dermody
8%
286 Cliff Porter
8%
1036 Corey Flynn
8%
901 Craig Innes
8%
1041 Craig Newby
8%
821 Craig Wickes
8%
361 Curly Page
8%
929 Dallas Seymour
8%
1027 Daniel Braid
8%
90 Dan Udy
8%
586 Dave Gillespie
8%
1005 Dave Hewett
8%
791 Dave Loveridge
8%
415 Dave Solomon
8%
24 David Gage
8%
318 Davy Johnston
8%
880 Dean Kenny
8%
614 Denis Cameron
8%
1053 Derren Witcombe
8%
617 Des Connor
8%
514 Desmond O'Donnell
8%
557 Des Oliver
8%
601 Dick Conway
8%
86 Dick McGregor
8%
779 Dick Myers
8%
1170 Dillon Hunt
8%
150 Donald Cameron
8%
154 Donald Cameron Hamilton
8%
383 Don Max
8%
618 Don McKay
8%
377 Don Oliver
8%
737 Doug Bruce
8%
178 Dougie McGregor
8%
758 Doug Rollerson
8%
707 Duncan Hales
8%
101 Duncan McGregor
8%
982 Dylan Mika
8%
645 Earle Kirton
8%
790 Eddie Dunn
8%
613 Eddie Stapleton
8%
763 Eddie Stokes
8%
1149 Elliot Dixon
8%
1208 Emoni Narawa
8%
203 Eric Cockroft
8%
112 Eric Harper
8%
927 Eric Rush
8%
127 Ernie Booth
8%
653 Fergie McCormick
8%
993 Filo Tiatia
8%
26 Francis Jervis
8%
1126 Francis Saili
8%
247 Francis Ward
8%
77 Frank Brooker
8%
1128 Frank Halai
8%
582 Frank McMullen
8%
750 Frank Oliver
8%
387 Frank Solomon
8%
866 Frano Botica
8%
472 Fred Hobbs
8%
839 Gary Braid
8%
782 Gary Knight
8%
748 Gary Seear
8%
805 Geoff Hines
8%
817 Geoff Old
8%
820 Geoff Valli
8%
1217 George Bell
8%
133 George Burgess
8%
41 George Harper
8%
5 George Helmore
8%
52 George Humphreys
8%
206 George Loveridge
8%
53 George Maber
8%
1138 George Moala
8%
103 George Nicholson
8%
313 George Wise
8%
665 Gerald Kember
8%
392 Gordon Innes
8%
320 Gordon Lawson
8%
968 Gordon Slater
8%
739 Graeme Crossman
8%
808 Graeme Higginson
8%
520 Graham Mexted
8%
757 Graham Mourie
8%
899 Graham Purvis
8%
31 Graham Shannon
8%
712 Graham Sims
8%
703 Graham Whiting
8%
715 Grant Batty
8%
816 Greg Burgess
8%
987 Greg Feek
8%
1066 Greg Rawlinson
8%
769 Greg Rowlands
8%
991 Greg Somerville
8%
283 Harold Nicholls
8%
232 Harry Nicholls
8%
1221 Harry Plummer
8%
14 Hart Udy
8%
2 Henry Braddon
8%
20 Henry Butland
8%
311 Herman Mattson
8%
809 Hika Reid
8%
33 Hoeroa Tiopira
8%
1079 Hosea Gear
8%
379 Hubert McLean
8%
824 Hud Rickit
8%
607 Hugh Burry
8%
835 Ian Dunn
8%
706 Ian Eliason
8%
301 Ian Harvey
8%
717 Ian Hurst
8%
642 Ian MacRae
8%
634 Ian Uttley
8%
1088 Isaac Ross
8%
1064 Isaia Toeava
8%
972 Isitolo Maka
8%
452 Jack Dunn
8%
455 Jack Finlay
8%
654 Jack Hazlett
8%
504 Jack Kelly
8%
473 Jack McLean
8%
464 Jack McRae
8%
1173 Jackson Hemopo
8%
223 Jack Steel
8%
679 Jake Burns
8%
1144 James Broadhurst
8%
27 James Lambie
8%
359 James Mackay
8%
168 James Maguire
8%
9 James O'Donnell
8%
1137 James Parsons
8%
680 Jamie Hendrie
8%
818 Jamie Salmon
8%
1109 Jarrad Hoeata
8%
893 Jasin Goldsmith
8%
1063 Jason Eaton
8%
914 Jason Hewett
8%
998 Jason O'Halloran
8%
708 Jeff Matheson
8%
539 Jim Fitzgerald
8%
481 Jim McCormick
8%
122 Jimmie O'Sullivan
8%
1046 Jimmy Cowan
8%
69 Jimmy Duncan
8%
118 Jimmy Hunter
8%
299 Jim Parker
8%
420 Jim Wynyard
8%
836 Jock Hobbs
8%
830 Jock Ross
8%
713 Joe Karam
8%
1015 Joe McDonnell
8%
163 Joe O'Leary
8%
17 Joe Warbrick
8%
1062 John Afoa
8%
776 John Ashworth
8%
67 John Blair
8%
834 John Boe
8%
752 John Brake
8%
705 John Dougan
8%
4 John Dumbell
8%
785 John Fleming
8%
6 John Lecky
8%
787 John Loveday
8%
643 John Major
8%
768 John McEldowney
8%
630 John Morrissey
8%
37 John Mowlem
8%
889 John Schuster
8%
761 John Spiers
8%
55 John Swindley
8%
13 John Taiaroa
8%
521 John Tanner
8%
905 John Timu
8%
732 Jon McLachlan
8%
1038 Jono Gibbes
8%
913 Jon Preston
8%
274 Joseph Bell
8%
626 Jules Le Lievre
8%
1152 Kane Hames
8%
1020 Keith Lowen
8%
686 Keith Murdoch
8%
365 Keith Reid
8%
604 Kel Tremain
8%
814 Ken Bloxham
8%
691 Ken Carrington
8%
742 Ken Going
8%
755 Kenneth Granger
8%
718 Kent Lambert
8%
735 Kerry Tanner
8%
623 Kevin Barry
8%
599 Kevin Briscoe
8%
740 Kevin Eveleigh
8%
611 Kevin Laidlaw
8%
1078 Kevin O'Neill
8%
904 Kevin Schuler
8%
1058 Kevin Senio
8%
848 Kieran Crowley
8%
747 Kit Fawcett
8%
981 Kupu Vanisi
8%
861 Kurt Sherlock
8%
796 Lachie Cameron
8%
490 Larry Savage
8%
907 Laurence Hullena
8%
309 Laurie Knight
8%
697 Laurie Mains
8%
730 Lawrie Knight
8%
932 Lee Stensness
8%
784 Leicester Rutledge
8%
236 Les McLean
8%
494 Lester Harvey
8%
350 Lew Hook
8%
936 Liam Barry
8%
1151 Liam Squire
8%
704 Lin Colling
8%
243 Lou Petersen
8%
711 Lyn Jaffray
8%
632 Mack Herewini
8%
1131 Malakai Fekitoa
8%
868 Mark Brooke-Cowden
8%
916 Mark Cooksley
8%
856 Mark Finlay
8%
984 Mark Hammett
8%
564 Mark Irwin
8%
969 Mark Mayerhofler
8%
233 Mark Nicholls
8%
714 Mark Sayers
8%
878 Marty Berry
8%
999 Marty Holah
8%
119 Massa Johnston
8%
1164 Matt Duffie
8%
1123 Matt Todd
8%
561 Maurice Dixon
8%
36 Maurice Herrold
8%
767 Merv Jaffray
8%
669 Michael Knight
8%
877 Michael Speight
8%
545 Mick Bremner
8%
698 Mick Duncan
8%
676 Mick O'Callaghan
8%
649 Mick Williment
8%
355 Mick Willoughby
8%
800 Mike Burgoyne
8%
851 Mike Clamp
8%
1098 Mike Delany
8%
795 Mike McCool
8%
709 Mike Parkinson
8%
1042 Mose Tuiali'i
8%
798 Murray Mexted
8%
1008 Nathan Mauger
8%
397 Ned Barry
8%
1060 Neemia Tialata
8%
298 Neil McGregor
8%
746 Neil Purvis
8%
684 Neil Thimbleby
8%
620 Neil Wolfe
8%
578 Nev MacEwan
8%
1216 Noah Hotham
8%
976 Norm Berryman
8%
986 Norm Maxwell
8%
957 Ofisa Tonu'u
8%
152 Paddy Burns
8%
487 Pat Crowley
8%
113 Patrick Harvey
8%
277 Patrick McCarthy
8%
569 Pat Walsh
8%
335 Pat Ward
8%
831 Paul Koteka
8%
909 Paul McGahan
8%
760 Paul Sapsford
8%
890 Paul Simonsson
8%
1030 Paul Steinmetz
8%
495 Peter Johnstone
8%
59 Peter McDonnell
8%
650 Peter Murdoch
8%
726 Peter Sloane
8%
695 Peter Whiting
8%
959 Phil Coffin
8%
979 Pita Alatini
8%
535 Ponty Reid
8%
600 Ralph Caulton
8%
533 Ray Bell
8%
508 Ray O'Callaghan
8%
251 Reginald Bell
8%
96 Reuben Cooke
8%
589 Rex Pickering
8%
989 Rhys Duggan
8%
937 Richard Fromont
8%
917 Richard Turner
8%
692 Richie Guy
8%
1043 Rico Gear
8%
841 Robbie Deans
8%
888 Robbie McLean
8%
786 Robert Kururangi
8%
45 Robert Oliphant
8%
625 Rod Heeps
8%
802 Rod Ketels
8%
616 Roger Boon
8%
1010 Roger Randle
8%
1204 Roger Tuivasa-Sheck
8%
598 Roger Urbahn
8%
381 Ronald Bush
8%
555 Ronald Hemi
8%
994 Ron Cribb
8%
610 Ron Horsley
8%
651 Ron Rangi
8%
687 Ron Urlich
8%
429 Ron Ward
8%
1070 Ross Filipo
8%
1077 Rudi Wulf
8%
385 Rusty Page
8%
1045 Saimone Taumoepeau
8%
1017 Sam Broomhall
8%
21 Sam Cockroft
8%
1220 Sam Darry
8%
265 Sam Gemmell
8%
1211 Samipeni Finau
8%
657 Sam Strahan
8%
722 Sandy McNicol
8%
753 Scott Cartwright
8%
840 Scott Crichton
8%
1067 Scott Hamilton
8%
1085 Scott Waldrom
8%
1148 Seta Tamanivalu
8%
939 Shane Howarth
8%
895 Shayne Philpott
8%
655 Sid Going
8%
1007 Simon Maling
8%
908 Simon Mannix
8%
1055 Sione Lauaki
8%
1054 Sosene Anesi
8%
1018 Steve Devine
8%
1047 Steven Bates
8%
615 Steve Nesbit
8%
825 Steven Pokere
8%
966 Steve Surridge
8%
766 Stuart Conn
8%
950 Tabai Matson
8%
34 Tabby Wynyard
8%
949 Taine Randell
8%
1099 Tamati Ellison
8%
1089 Tanerau Latimer
8%
581 Terry Lineen
8%
674 Terry McCashin
8%
724 Terry Morrison
8%
612 Terry O'Sullivan
8%
1174 Te Toiroa Tahuriorangi
8%
23 Thomas Ellison
8%
803 Tim Twigden
8%
92 Tom Cross
8%
1096 Tom Donnelly
8%
212 Tom Fisher
8%
673 Tom Lister
8%
441 Tom Morrison
8%
675 Tony Kreft
8%
664 Tony Steel
8%
408 Tori Reid
8%
701 Trevor Morris
8%
990 Troy Flavell
8%
823 Tu Wyllie
8%
900 Va'aiga Tuigamala
8%
1158 Vaea Fifita
8%
621 Victor Yates
8%
627 Waka Nathan
8%
344 Walter Batty
8%
48 Walter Bayly
8%
30 Walter Pringle
8%
658 Wayne Cottrell
8%
829 Wayne Neville
8%
47 William Balch
8%
219 William Duncan
8%
585 Wilson Whineray
8%
978 Xavier Rush
8%
1097 Zac Guildford
8%
294 Abe Munro
0%
501 Alan Blake
0%
300 Alan Robilliard
0%
95 Albert Asher
0%
176 Albert Downing
0%
1190 Alex Hodgman
0%
160 | 466 Alf Budd
0%
147 Alfred Eckhold
0%
204 Alfred Fanning
0%
375 Alfred Kivell
0%
367 Alf Waterman
0%
590 Alistair Soper
0%
538 Allan Elsom
0%
433 Allan Parkhill
0%
217 Alphonsus Carroll
0%
102 Archie McMinn
0%
342 Archie Strang
0%
134 Arthur Francis
0%
349 Arthur Holden
0%
73 Arthur Humphries
0%
401 Arthur Lambourn
0%
447 Arthur Wesney
0%
76 Barney Armit
0%
214 Beethoven Algar
0%
469 Ben Couch
0%
108 Bernard Fanning
0%
88 Bernard O'Dowda
0%
369 Bert Geddes
0%
329 Bert Grenside
0%
505 Bert Lunn
0%
446 Bill Carson
0%
671 Bill Currey
0%
296 Bill Dalley
0%
304 Bill Elvy
0%
194 Bill Francis
0%
400 Bill Hadley
0%
71 Bill Hardcastle
0%
209 Bill Lindsay
0%
496 Bill Meates
0%
507 Bill Mumm
0%
157 Bill Reedy
0%
75 Bill Wells
0%
105 Billy Stead
0%
132 Bob Bennet
0%
562 Bob O'Dea
0%
422 Brian Killeen
0%
297 Brian McCleary
0%
588 Brian Molloy
0%
529 Brian Steele
0%
597 Bruce McPhail
0%
215 Ces Badeley
0%
231 Charles Kingstone
0%
89 Charles Purdue
0%
442 Charles Quaid
0%
443 Charles Saxton
0%
463 Charles Willocks
0%
340 Charlie Rushbrook
0%
115 Charlie Seeling
0%
366 Charlie Sonntag
0%
368 Clinton Stringfellow
0%
426 Colin Gillies
0%
135 Colin Gilray
0%
550 Colin Loader
0%
955 Con Barrell
0%
291 Cyril Brownlie
0%
413 Cyril Pepper
0%
97 Dave Gallaher
0%
216 David Baird
0%
315 David Dickson
0%
338 David Lindsay
0%
266 David McMeeking
0%
436 David Trevathan
0%
497 Des Christian
0%
354 Dick Steere
0%
1011 Dion Waller
0%
430 Donald Cobden
0%
141 Edgar Wrigley
0%
197 Edward Hasell
0%
398 Edward Holder
0%
465 Eric Boggs
0%
341 Eric Snow
0%
417 Eric Tindill
0%
78 Ernest Glennie
0%
83 Ernie Dodd
0%
348 Frank Freitas
0%
143 Frank Fryer
0%
117 Frank Glasgow
0%
337 Frank Kilby
0%
577 Frank McAtamney
0%
145 Frank Mitchinson
0%
257 Frank Smyth
0%
271 Frank Snodgrass
0%
64 Frank Surman
0%
418 Frederick Vorrath
0%
98 Fred Given
0%
172 Fred Ivimey
0%
276 Fred Lucas
0%
121 Fred Newton
0%
273 Fred Tilyard
0%
513 Garth Bond
0%
327 Geoff Alley
0%
409 George Adkins
0%
229 George Aitken
0%
517 George Beatty
0%
388 George Bullock-Douglas
0%
263 George Dickinson
0%
126 George Gillett
0%
376 George Hart
0%
295 George Nēpia
0%
386 George Purdue
0%
332 George Scrimshaw
0%
182 George Sellars
0%
167 Gerald McKellar
0%
493 Graham Delamore
0%
293 Gus Hart
0%
200 Gus Spillane
0%
560 Guy Bowers
0%
389 Harcourt Caughey
0%
130 Harold Abbott
0%
158 Harold Hayward
0%
254 Harold Masters
0%
440 Harold Milliken
0%
396 Harold Pollock
0%
516 Harrison Rowley
0%
173 Harry Atkinson
0%
456 Harry Frazer
0%
148 Harry Paton
0%
109 Harry Porteous
0%
451 Has Catley
0%
402 Hawea Mataira
0%
170 Henry Avery
0%
175 Henry Dewar
0%
99 Henry Kiernan
0%
331 Herb Lilburne
0%
587 Howard Levien
0%
139 Hubert Turtill
0%
542 Hugh McLaren
0%
486 Ian Botting
0%
526 Ian Hammond
0%
541 Ian Irvine
0%
305 Innes Finlayson
0%
568 Ivan Vodanovich
0%
410 Jack Best
0%
142 Jack Colman
0%
499 Jack Goddard
0%
399 Jack Griffiths
0%
303 Jackie Blake
0%
393 Jack Manchester
0%
316 | 489 Jack McNab
0%
423 Jack Rankin
0%
228 Jack Shearer
0%
547 Jack Skeen
0%
165 Jack Stohr
0%
428 Jack Sullivan
0%
312 Jack Walter
0%
302 James Archer
0%
188 James Douglas
0%
358 James Howden
0%
205 James Tilyard
0%
1081 Jamie Mackintosh
0%
190 Jim Baird
0%
336 Jim Burrows
0%
477 Jim Kearney
0%
199 Jim McNeece
0%
222 Jim Moffitt
0%
457 Jimmy Haig
0%
164 Jimmy Ridland
0%
270 Jimmy Sinclair
0%
185 Jim Wylie
0%
246 Jock Turnbull
0%
425 Jock Wells
0%
973 Joeli Vidiri
0%
394 Joe Procter
0%
414 Joey Sadler
0%
81 John Burt
0%
573 John Buxton
0%
727 John Callesen
0%
125 John Corbett
0%
624 John Creighton
0%
174 John Cuthill
0%
149 John Hogan
0%
540 John Hotop
0%
603 John McCullough
0%
405 Johnny Leeson
0%
1071 John Schwalger
0%
104 John Stalker
0%
333 John Swain
0%
68 Joseph Calnan
0%
249 Karl Ifwersen
0%
548 Keith Bagley
0%
500 Keith Gudsell
0%
250 Keith Siddells
0%
453 Ken Elliott
0%
258 Kenneth Svenson
0%
838 Kevin Boroevich
0%
543 Kevin Meates
0%
237 Laurie Brownlie
0%
519 Laurie Haig
0%
1092 Lelia Masaga
0%
269 Len Righton
0%
480 Leo Connolly
0%
252 Les Cupples
0%
567 Lindsay Townsend
0%
594 Lloyd Ashby
0%
94 Loftus Armstrong
0%
285 Lui Paewai
0%
213 Lyn Weston
0%
195 Mac Geddes
0%
1001 Mark Ranby
0%
903 Matthew Ridge
0%
261 Maurice Brownlie
0%
378 Merv Corner
0%
591 Mick Cossey
0%
310 Mick Lomas
0%
407 Mike Gilbert
0%
226 Moke Belliss
0%
467 Morrie Goddard
0%
458 Morrie McHugh
0%
518 Nau Cherrington
0%
380 Nelson Ball
0%
553 Nelson Dalzell
0%
476 Neville Thornton
0%
345 Nicholas Bradanovich
0%
60 Nisbet McRobie
0%
544 Noel Bowden
0%
100 Paddy Long
0%
114 Paddy McMinn
0%
137 Pat Purdue
0%
459 Patrick Rhind
0%
242 Paul Markham
0%
272 Peina Taituha
0%
524 Percy Erceg
0%
264 Percy Hickey
0%
224 Percy Storey
0%
475 Percy Tetzlaff
0%
537 Peter Eastgate
0%
238 Phillippe Cabot
0%
363 Rawi Cundy
0%
281 Read Masters
0%
509 Rex Orr
0%
230 Richard Fogarty
0%
70 Robert Handcock
0%
255 Robert Mathieson
0%
372 Robert Souter
0%
289 Robert Tunnicliff
0%
563 Robin Archer
0%
502 Ronald Bryers
0%
503 Ronald Dobson
0%
454 Ron Elvidge
0%
531 Ron Jarden
0%
536 Ross Wightman
0%
515 Roy Roper
0%
339 Ruben McWilliams
0%
208 Sal Irvine
0%
159 Sam Bligh
0%
1040 Sam Tuitupou
0%
120 Simon Mynott
0%
445 Snow Bowman
0%
116 Steve Casey
0%
934 Stu Forster
0%
554 Stu Freebairn
0%
330 Swin Hadley
0%
334 Sydney Carleton
0%
61 Sydney Orchard
0%
245 Sydney Shearer
0%
382 Ted Jessep
0%
427 Terry Lockington
0%
284 Tiaki Omana
0%
478 Tim Mason
0%
374 Tiny Leys
0%
325 Toby Sheen
0%
592 Tom Coughlan
0%
571 Tom Katene
0%
177 | 532 Tom Lynch
0%
384 Tom Metcalfe
0%
317 Tommy Corkill
0%
62 Tom Pauling
0%
483 Tom Webster
0%
438 Trevor Berghan
0%
602 Tuppy Diack
0%
262 Umberto Calcinai
0%
260 Vic Badeley
0%
346 Victor Butler
0%
198 Victor Macky
0%
479 Vincent Bevan
0%
268 Waate Potaka
0%
450 Wally Argus
0%
371 Walter Reside
0%
193 William Cummings
0%
248 William Fea
0%
162 William Fuller
0%
280 William Irvine
0%
131 William Mackrell
0%
351 William McClymont
0%
364 Wiremu Heke
0%
No matching quizzes found
Score Distribution
Percent of People with Each Score
Percentile by Number Answered
Your Score History
You have not taken this quiz